Metodología de la investigación (Registro nro. 1973)
[ vista simple ]
| 000 -CABECERA | |
|---|---|
| Longitud fija campo de control | 00919nam a22002537a 4500 |
| 003 - IDENTIFICADOR DELl NÚMERO DE CONTROL | |
| Identificador del número de control | OSt |
| 005 - FECHA Y HORA DE LA ÚLTIMA TRANSACCIÓN | |
| Fecha y hora de la última transacción | 20140826213002.0 |
| 008 - CÓDIGOS DE INFORMACIÓN DE LONGITUD FIJA | |
| Códigos de información de longitud fija | 130909b xxu||||| |||| 00| 0 eng d |
| 020 ## - NÚMERO INTERNACIONAL NORMALIZADO PARA LIBROS | |
| Número Internacional Normalizado para Libros (ISBN) | 978-958-699-128-5 |
| 040 ## - FUENTE DE LA CATALOGACIÓN | |
| Centro catalogador de origen | BMC |
| Centro transcriptor | BMC |
| 082 ## - NÚMERO DE LA CLASIFICACIÓN DECIMAL DEWEY | |
| Númeroo de clasificación | 001.42 |
| 082 ## - NÚMERO DE LA CLASIFICACIÓN DECIMAL DEWEY | |
| Númeroo de clasificación | 300.0014 |
| 082 ## - NÚMERO DE LA CLASIFICACIÓN DECIMAL DEWEY | |
| Númeroo de clasificación | 300.1 |
| 100 10 - PUNTO DE ACCESO PRINCIPAL-NOMBRE DE PERSONA | |
| 9 (RLIN) | 3283 |
| Nombre de persona | Bernal Torres, César Augusto |
| 245 10 - MENCIÓN DE TÍTULO | |
| Título | Metodología de la investigación |
| Resto del título | : administración, economía, humanidades y ciencias sociales |
| Mención de responsabilidad, etc. | César Augusto Bernal Torres ; revisión técnica, Luis Eduardo Cruz Buelvas ... [et al.] |
| 250 ## - MENCIÓN DE EDICIÓN | |
| Mención de edición | 3ª ed |
| 260 ## - PUBLICACIÓN, DISTRIBUCIÓN, ETC. (PIE DE IMPRENTA) | |
| Lugar de publicación, distribución, etc. | Bogotá [etc.] |
| Nombre del editor, distribuidor, etc. | Pearson Educación |
| Fecha de publicación, distribución, etc. | 2010 |
| 300 ## - DESCRIPCIÓN FÍSICA | |
| Extensión | XIV, 305 p. |
| Otras características físicas | il., gráf. |
| Dimensiones | 23 cm |
| Material anejo | + 1 disco compacto |
| 650 24 - PUNTO DE ACCESO ADICIONAL DE MATERIA - TÉRMINO DE MATERIA | |
| 9 (RLIN) | 168 |
| Término de materia o nombre geográfico como elemento inicial | Investigación |
| Subdivisión de materia general | Metodología |
| 650 24 - PUNTO DE ACCESO ADICIONAL DE MATERIA - TÉRMINO DE MATERIA | |
| 9 (RLIN) | 4837 |
| Término de materia o nombre geográfico como elemento inicial | Ciencias sociales |
| Subdivisión de materia general | Investigación |
| 650 24 - PUNTO DE ACCESO ADICIONAL DE MATERIA - TÉRMINO DE MATERIA | |
| 9 (RLIN) | 3374 |
| Término de materia o nombre geográfico como elemento inicial | Ciencias sociales |
| Subdivisión de materia general | Metodología |
| 700 1# - PUNTO DE ACCESO ADICIONAL - NOMBRE DE PERSONA | |
| 9 (RLIN) | 4850 |
| Nombre de persona | Cruz Buelvas, Luis Eduardo |
| 942 ## - ENTRADA DE ELEMENTOS AGREGADOS (KOHA) | |
| Fuente de clasificaión o esquema | Dewey Decimal Classification |
| Koha [por defecto] tipo de item | 1- Monografias |
| Suprimido | Perdido | Fuente de clasificación o esquema | Estropeado | Restricciones de uso | No para préstamo | Código de colección | Localización permanente | Localización actual | Localización en estanter&íacute;as | Fecha adquisición | Fuente de adquisición | Número de inventario | Préstamos totales | Renovaciones totales | Signatura completa | Código de barras | Fecha última consulta | Fecha último préstamo | Coste, precio reemplazado | Fecha del precio de reemplazo | Tipo de item de Koha |
|---|---|---|---|---|---|---|---|---|---|---|---|---|---|---|---|---|---|---|---|---|---|
| NULL | NULL | Dewey Decimal Classification | NULL | Prestable | NULL | NULL | Biblioteca Miguel de Cervantes - UNICAES | Biblioteca Miguel de Cervantes - UNICAES | Sala Principal | 14/09/2011 | Donación - Facultad de Ciencias Empresariales | 002438 | 12 | 4 | 001.42 BER met | 1002438 | 27/07/2022 | 30/06/2022 | 12.00 | 10/09/2013 | 1- Monografias |
| NULL | NULL | Dewey Decimal Classification | NULL | Prestable | NULL | NULL | Biblioteca Miguel de Cervantes - UNICAES | Biblioteca Miguel de Cervantes - UNICAES | Sala Principal | 19/07/2012 | Donación - Facultad de Ciencias Empresariales | 002439 | 16 | 5 | 001.42 BER met | 1002439 | 09/02/2021 | 19/01/2021 | 12.00 | 10/09/2013 | 1- Monografias |
| NULL | NULL | Dewey Decimal Classification | NULL | Prestable | NULL | NULL | Biblioteca Miguel de Cervantes - UNICAES | Biblioteca Miguel de Cervantes - UNICAES | Sala Principal | 10/09/2013 | Donación - Facultad de Ciencias y Humanidades | 002440 | 3 | 001.42 BER met | 1002440 | 03/03/2026 | 17/02/2026 | 12.00 | 10/09/2013 | 1- Monografias |